ARRUPE JESUIT UNIVERSITY

CORONAVIRUS -STOP THE SPREAD - CLEAN,DISINFECT,COVER

Global economic prospects and the developing countries (Record no. 10182)

MARC details
000 -LEADER
fixed length control field 00593nam a2200229Ia 4500
003 - CONTROL NUMBER IDENTIFIER
control field 0100
005 - DATE AND TIME OF LATEST TRANSACTION
control field 20190702120249.0
008 - FIXED-LENGTH DATA ELEMENTS--GENERAL INFORMATION
fixed length control field 130303s9999 xx 000 0 und d
020 ## - INTERNATIONAL STANDARD BOOK NUMBER
International Standard Book Number 821345508
040 ## - CATALOGING SOURCE
Transcribing agency ARRUPELIB
050 ## - LIBRARY OF CONGRESS CALL NUMBER
Classification number HC59.69.G5852000
300 ## - PHYSICAL DESCRIPTION
Other physical details 173p. 28cm
245 ## - TITLE STATEMENT
Title Global economic prospects and the developing countries
260 ## - PUBLICATION, DISTRIBUTION, ETC. (IMPRINT)
Place of publication, distribution, etc Washington D.C
Name of publisher, distributor, etc World Bank
Date of publication, distribution, etc 2000
300 ## - PHYSICAL DESCRIPTION
Extent xvi
650 ## - SUBJECT ADDED ENTRY--TOPICAL TERM
Topical term following geographic name as entry element Economic history
Chronological subdivision 1990 International trade International economic relations
9 (RLIN) 46778
700 ## - ADDED ENTRY--PERSONAL NAME
Personal name World Bank
9 (RLIN) 46779
942 00 - ADDED ENTRY ELEMENTS (KOHA)
Koha issues (borrowed), all copies 2
Source of classification or shelving scheme Library of Congress Classification
Koha item type Monograph ( Printed materials)
Holdings
Withdrawn status Lost status Source of classification or shelving scheme Damaged status Not for loan Collection code Home library Current library Shelving location Date acquired Total Checkouts Full call number Barcode Date last seen Date checked out Copy number Price effective from Koha item type
    Library of Congress Classification     Main Collection ARRUPE LIBRARY ARRUPE LIBRARY   04/03/2013 2 HC59.69.G5852000 46003046063 23/04/2018 27/06/2014 1 04/03/2013 Monograph ( Printed materials)

 

Arrupe Library. PO Box MP320 Mt Pleasant, Harare, Zimbabwe
263 242 745411|librarian@aju.ac.zw